000 00782nam a2200265Ia 4500
003 OSt
005 20220918220940.0
006 a|||||r|||| 00| 0
007 ta
008 220917b |||||||| |||| 00| 0 eng d
024 _a147,536
037 _cTextual
040 _aARTS
_cARTS
_beng
041 _2eng
_aeng
082 _aY57:1.74, L7
100 _aLomnitz Larissa Adler
_9138611
245 0 _aNetworks and marginality
_b Life in a Mexican shantytown tr by Cinna Lomnitz
260 _aNew York
_bAcademic Press
_c1977
300 _axvi, 230p. illus tables
_ccm.
490 _aStudies in anthropology
500 _aBibliography p215-222
650 _aSOCIOLOGY
942 _hY57:1.74, L7
_cTEXL
_2CC
999 _c270275
_d270275